00729nam a2200217u 450000100060000000300080000600500170001400800390003103500190007004000330008904100080012208200260013010000510015624501170020725000110032426000870033530000360042250400200045865000120047865000210049029718BD-RjUL20211209051441.0140407r19681926caua 001 0 eng a(BD-RjUL)29803 aDLCcCarPdDLCdBD-RjULbeng aeng a136.766bTEG V-1 19681 aTerman, Lewis M.d1877-1956.q(Lewis Madison),00aGenetic studies of genius /cLewis M TermannVOLUME IpMental and physical traits of a thousand gifted children. a2d ed. aStanford University, Calif. :bStanford university press,cc1926 [Reprinted 1968]. av.bfold. tab., diagrs.c23 cm. aIncludes index. 0aGenius. 0aGifted children.